Statistiques concernant Chaîne de mots "Saison Froide"

Cliquez ici pour prendre le quiz!

Statistiques générales

  • Ce quiz a été pris 68 fois
  • Le résultat moyen est 18 sur 35

Statistiques - réponses

QuestionRéponse% Correct
Nom exact de la saison froideHiver
98%
Ennemi n°1 du TitanicIceberg
90%
Coulée de neige dont on ne veut pas être pris dedansAvalanches
88%
A ce jour, le plus haut sommet du mondeEverest
88%
Si ce n'est pas le Snow c'est leSki
88%
On la mets autour du coup pour se protéger du froidÉcharpe
86%
On remonte la pente grâce a eux juste en s'asseyant dessusTire-Fesses / Télésièges
83%
Planche sur laquelle on mets les deux pieds pour glisserSnow
81%
De ski, radio, balnéaireStation
80%
On porte des lunettes de soleil car la neige augmente lesUV
69%
Luge propulsée par la gravité pour dévaler des pistes étroitesBobsleigh
68%
Bâtonnet de glace, ou autre nom des InuitsEsquimau
68%
Montagne sicilienne, pouvant rentrer en éruptionEtna
68%
Dépôt de glace compacte et lisse, tenant au solVerglas
63%
Pays organisant un rallye WRC très enneigéSuède
59%
Quand on dit aller tout droit, on dit aller tout _ _ _ _ _ _Schuss
58%
Pic de glace en forme de cône qui se forme lorsque l'eau tombe goutte à goutteStalactite
58%
Année qui permet de compléter le nom de la station d'Isola2000
56%
Province de Chine la plus proche de celui-ciTibet
49%
2eme plus gros sommet du monde, en deux caractèresK2
46%
Bloc d'eau douce gelée se formant sur les continentsGlacier
44%
Attraction principale de la TanzanieKilimandjaro
44%
Vêtement imperméableAnorak
42%
Indispensable pour pouvoir pratiquerNeige
39%
Accessoire de l'alpiniste qu'il plante dans la neige pour grimper plus hautPiolet
36%
Figure consistant a un faire un salto arrièreBackflip
31%
Formation végétale naissant dans les zones climatiques froides voire polairesToundra
27%
Support pour poser skis et bâtonsRack
24%
Nom de certains obstacle sur lesquels on peut glisserRampes
20%
La saison de biathlon commence souvent dans cette villeOstersund
8%
Nom anglais du saut consistant a toucher le devant du ski quand on est en l'airNose Grab
7%
Partie la plus proche de la fixation pour tenir la chaussureSabot
5%
Autre nom pour désigner les figuresTricks
5%
Sommet suisse classé après la Pointe Dufour et le Dom des MischabelsWeisshorn
5%
Station suisse accueillant la coupe du monde de ski alpinDavos
2%

Distribution des résultats

Percentile par nombre de réponses

% des personnes avec chaque résultat

Votre développement - résultats

Vous n’avez pas pris ce quiz